<?xml version="1.0" encoding="UTF-8"?><?xml-stylesheet type="text/xsl" href="static/style.xsl"?><OAI-PMH xmlns="http://www.openarchives.org/OAI/2.0/" xmlns:xsi="http://www.w3.org/2001/XMLSchema-instance" xsi:schemaLocation="http://www.openarchives.org/OAI/2.0/ http://www.openarchives.org/OAI/2.0/OAI-PMH.xsd"><responseDate>2026-06-06T00:47:04Z</responseDate><request verb="GetRecord" identifier="oai:riuma.uma.es:10630/26917" metadataPrefix="marc">https://riuma.uma.es/rest/oai/request</request><GetRecord><record><header><identifier>oai:riuma.uma.es:10630/26917</identifier><datestamp>2026-02-03T12:53:29Z</datestamp><setSpec>com_10630_25813</setSpec><setSpec>com_10630_3139</setSpec><setSpec>com_10630_10</setSpec><setSpec>col_10630_25853</setSpec></header><metadata><record xmlns="http://www.loc.gov/MARC21/slim" xmlns:dcterms="http://purl.org/dc/terms/" xmlns:doc="http://www.lyncode.com/xoai" xmlns:xsi="http://www.w3.org/2001/XMLSchema-instance" xsi:schemaLocation="http://www.loc.gov/MARC21/slim http://www.loc.gov/standards/marcxml/schema/MARC21slim.xsd">
   <leader>00925njm 22002777a 4500</leader>
   <datafield ind2=" " ind1=" " tag="042">
      <subfield code="a">dc</subfield>
   </datafield>
   <datafield ind2=" " ind1=" " tag="720">
      <subfield code="a">Morelle-Hungría, Esteban</subfield>
      <subfield code="e">author</subfield>
   </datafield>
   <datafield ind2=" " ind1=" " tag="260">
      <subfield code="c">2022-12-22</subfield>
   </datafield>
   <datafield ind2=" " ind1=" " tag="520">
      <subfield code="a">Las presiones antrópicas que soporta el planeta han llegado a un punto que algunos estudios califican como de no retorno, poniendo en peligro la salud planetaria. Frente a esta situación es necesario analizar cómo el daño ecológico generado por la especie humana está incrementando las injusticias a nivel global y cómo impacta sobre las posibles víctimas.&#xd;
El avance de la tecnología y las actividades generan nuevos riesgos vinculados a un modelo capitalista que fomenta la desigualdad a la vez que propicia un aumento de la presión sobre la propia naturaleza. Esto genera situaciones de riesgo que pueden representar amenazas para el planeta y todas las especies que residen en el mismo. Por ello, se han incluido en las Estrategias de Seguridad Nacional. Con esta perspectiva es necesario analizar estos daños generados a través de los límites que puede soportar el sistema Tierra, Gaia, y se realiza desde la ecocriminología para profundizar en aquellas amenazas que pueden ser cuantificadas y suponer un problema.&#xd;
Asimismo, se plantea dentro de esta perspectiva el impacto directo e indirecto que pueden sufrir las diferentes especies que residen en Gaia, además de los ecosistemas. Dentro de estas amenazas se analiza una de ellas de forma específica, pues nos centramos en el cambio climático como uno de los límites planetarios que han sido sobrepasados y que ha tenido que ser incorporado en la Estrategia de Seguridad Nacional.</subfield>
   </datafield>
   <datafield ind1="8" ind2=" " tag="024">
      <subfield code="a">Morelle-Hungría, E. (2022). Introducción a los límites planetarios desde la ecocriminología: análisis de la seguridad integral frente al cambio climático. Boletín Criminológico, (28). Recuperado a partir de https://revistas.uma.es/index.php/boletin-criminologico/article/view/16054</subfield>
   </datafield>
   <datafield ind1="8" ind2=" " tag="024">
      <subfield code="a">https://hdl.handle.net/10630/26917</subfield>
   </datafield>
   <datafield tag="653" ind2=" " ind1=" ">
      <subfield code="a">Clima - Cambios - Aspectos ambientales</subfield>
   </datafield>
   <datafield tag="653" ind2=" " ind1=" ">
      <subfield code="a">Delitos contra el medio ambiente</subfield>
   </datafield>
   <datafield ind2="0" ind1="0" tag="245">
      <subfield code="a">Introducción a los límites planetarios desde la ecocriminología: análisis de la seguridad integral frente al cambio climático.</subfield>
   </datafield>
</record>
</metadata></record></GetRecord></OAI-PMH>